Talvisota-visa - Statistics

Yleistilastot
  • Tätä visaa on pelattu 220 kertaa
  • Keskiarvotulos 8 / 12
Vastaustilastot
Vihje Vastaus % Oikein
Vuosi, jolloin sota alkoi 1939
98%
Vuosi, jolloin sota päättyi 1940
97%
Yli 500 Venäläistä ampunut tarkka-ampuja Simo Häyhä
86%
Suurin kaupunki, jonka Suomi menetti Viipuri
83%
Suomen presidentti sodan aikana Kyösti Kallio
81%
Lavastettu isku, joka laukasi sodan Mainilan laukaukset
79%
Suomussalmella sijaitseva tie, jossaSuomi tuhosi Neuvostoliittolaisen divisiooinan {Raatteen}tie
77%
Kuinka monta prosenttia Suomi menettialueestaan sodassa noin 10%
70%
Yllä olevan lempinimi Valkoinen kuolema
63%
Sodan lopettanut rauhansopimus {Moskovan} rauhansopimus
60%
Neuvostoliiton johtaja sodan aikana Josif Stalin
41%
Suomen ensimmäinen merkittävähyökkäysvoitto sodassa {Tolvajärven-Ägläjärven}taistelu
9%
Ehtoja vastaavia visoja ei löytynyt
Tulosjakauma
Jokaisen tuloksen saaneiden osuus
Persentiili vastausten määrän mukaan
Tuloshistoriasi
Et ole pelannut tätä visaa